| 000 | 00599nam a2200205 i 4500 | ||
|---|---|---|---|
| 001 | 80157 | ||
| 003 | ES-MaACL | ||
| 005 | 20250823100553.0 | ||
| 007 | t| | ||
| 008 | 041026s1970 sp ||||1| spa d | ||
| 100 | 1 |
_aHonolka, Kurt. _964133 |
|
| 245 | 1 | 0 |
_aHistoria de la música / _cKurt Honolka, Lukas Richter, Paul Neltl. |
| 260 |
_aMadrid : _bEdaf, _c[1970] |
||
| 300 |
_a485 p. : _bil. ; _c28 cm. |
||
| 650 | 4 |
_aMúsica- _vHistoria _915391 |
|
| 700 | 1 |
_aRichter, Lukas. _996982 |
|
| 700 | 1 |
_aNeltl, Paul. _985372 |
|
| 852 |
_aES-MaACL _jC-37486 _bR.74541 |
||
| 999 |
_c80157 _d80157 |
||